Edouard Manet (Запис номер 115535)
[ съкратено ]
| 000 -Лидер | |
|---|---|
| Контролно поле с фиксирана дължина | 01171nam a2200337 c 4500 |
| 003 - Код на организацията, давaща контролен номер | |
| Контролно поле | BLK |
| 005 - Дата и час на последна редакция | |
| Контролно поле | 20210211112540.0 |
| 008 - Елементи от данни с фиксирана дължина | |
| fixed length control field | 180409b bul|||||r ||||||| ||bul|| |
| 010 ## - Наследен системен номер | |
| LC control number | KNG00121020000 |
| 040 ## - Източник на каталожния запис | |
| Идентификатор на билиотеката - собственик на записа | BLK |
| 041 ## - Код за език | |
| Код за езика на текст/звукозапис или на отделно заглавие | Немски |
| Код за езика КДБФ | Немски |
| 080 ## - УДК | |
| Текстов определител УДК | Живопис - художници |
| УДК код - определител по УДК | 75.071.1 |
| УДК определител | (44)(092) |
| УДК - код + определител | 75.071.1(44)(092) |
| 080 ## - УДК | |
| Текстов определител УДК | Френски художник импресионист(1832-1883) |
| УДК код - определител по УДК | 929 Мане, Едуар |
| УДК - код + определител | 929 Мане, Едуар |
| 100 1# - Редна дума - Автор | |
| Автор | Liebmann, Kurt |
| Авторска отговорност | първи автор |
| R(LIN) | 314170 |
| 139 ## - Редно поле | |
| Редна дума | Liebmann, Kurt |
| Авторски знак | Ман - М 25 |
| Filing suffix | М 24 |
| Feature heading | М 25 |
| 245 10 - Сведения за заглавието | |
| Заглавие | Edouard Manet |
| Редно поле (дума) | Kurt Liebmann. |
| 257 ## - Страна на издаване | |
| Страна на създаване/издаване | Германия |
| 260 ## - Област на издателските данни | |
| Име на издателя, разпространителя и проч. | Verl. der Kunst |
| Година на издаване | 1968 |
| 300 ## - Физическа характеристика | |
| Страници | 188 с. |
| Илюстрации и др. | с ил. |
| Размери/Мащаб | 19 см |
| 380 ## - Жанр | |
| Жанр | Изкуство |
| 600 14 - Име на лице, използвано като предмет | |
| За него / За нея | Мане, Едуар |
| 9 (RLIN) | 91964 |
| 600 14 - Име на лице, използвано като предмет | |
| За него / За нея | Manet, Edouard |
| 9 (RLIN) | 17723 |
| 650 #4 - Допълнително описание по предмет – тема | |
| Основно описание – тема или топоним | Художници - биографии |
| 9 (RLIN) | 269538 |
| 650 #4 - Допълнително описание по предмет – тема | |
| Основно описание – тема или топоним | Художници, френски |
| 9 (RLIN) | 249195 |
| 653 ## - Ключова дума – ненормативна | |
| Ключова дума | биографии |
| 653 ## - Ключова дума – ненормативна | |
| Ключова дума | Едуар Мане |
| 700 ## - Други автори (авторска отговорност) | |
| 9 (RLIN) | 408007 |
| Лично име | Либман, Курт |
| 700 1# - Други автори (авторска отговорност) | |
| 9 (RLIN) | 17723 |
| Лично име | Manet, Edouard |
| 700 1# - Други автори (авторска отговорност) | |
| Лично име | Мане, Едуар |
| 9 (RLIN) | 91964 |
| 856 4# - Електронен адрес и достъп | |
| Електронен формат | pdf - файл |
| 856 4# - Електронен адрес и достъп | |
| Електронен формат | pdf - файл |
| 999 ## - СИСТЕМНИ КОНТРОЛНИ НОМЕРА | |
| Koha biblionumber | 115535 |
| Koha biblioitemnumber | 115535 |
| 942 ## - АРТИКУЛИ | |
| Вид на библиотечния материал | Книги |
| Скрит в OPAC | Не |
| Периодичен библиозапис | Да |
| 944 ## - СЪЗДАВАНЕ И РЕДАКЦИЯ на ЗАПИСА | |
| Създаване/Редакция | Създаване |
| Дата на регистрацията/редакция | 27.01.2011 |
| Статус, дата на статуса | добави в АБ / 26.01.2011 |
| Служител, извършил регистрацията/редакцията | Ирена_Линкова |
| 944 ## - СЪЗДАВАНЕ И РЕДАКЦИЯ на ЗАПИСА | |
| Създаване/Редакция | Редакция |
| Дата на регистрацията/редакция | 29.01.2014 |
| Статус, дата на статуса | добави в АБ / 26.01.2011 |
| 999 ## - СИСТЕМНИ КОНТРОЛНИ НОМЕРА | |
| Koha biblioitemnumber | 115535 |
| 999 ## - СИСТЕМНИ КОНТРОЛНИ НОМЕРА | |
| Koha biblioitemnumber | 115535 |
| 999 ## - СИСТЕМНИ КОНТРОЛНИ НОМЕРА | |
| Koha biblioitemnumber | 115535 |
| Код за отписване | Код за изгубен артикул | Източник на класификационната схема | Код за повреда | Коз за рестрикции | Код за отдаване | Артикулен № | Име на библиотеката - собственик | Име на библиотеката, в която се намира в момента | Статус (Текущо местоположение) | Дата на вписване в системата | Местоположение - отдел | Цена в лева | Инвентарен номер | Систематично азбучна сигнатура | Баркод | Номер на екземпляра | Цена в евро | Служебна бележка | Служебен тип на артикула |
|---|---|---|---|---|---|---|---|---|---|---|---|---|---|---|---|---|---|---|---|
| Не е изгубен | Universal Decimal Classification | Не е повреден | само за читалня | ползва се в читалня | 185593 | Регионална библиотека "Любен Каравелов" Русе | Регионална библиотека "Любен Каравелов" Русе | Хранилище | 1968-01-01 | Основен фонд - ползва се само за читалня | 3.24 | 52920 | Цб I 38348 | 12000052920 | 1 | 1.66 | N: стар фонд Дата: 01.01.1968 Дата инв: 08.06.2012 Бележки инв: * | Книги | |
| Не е изгубен | Universal Decimal Classification | Не е повреден | без рестрикции | заемане за дома | 185594 | Регионална библиотека "Любен Каравелов" Русе | Регионална библиотека "Любен Каравелов" Русе | Отдел Изкуство - подръчен фонд | 1968-01-01 | Отдел Изкуство - подръчен фонд | 3.22 | 47760 | 75(092)/М 25 | 120000047760 | 2 | 1.65 | Дост: Pk Вид: Ф N: сф Дата: 01.01.1968 Дата инв: 16.02.2015 Бележки инв: ИП2015 | Книги |